00000000nam 2200000zi 4500
0019.956738
003CaOODSP
00520251027153750
006m     o  d f      
007cr |n|||||||||
008251027e20250516onca    ob   f000 0 eng d
040 |aCaOODSP|beng|erda|cCaOODSP
043 |an-cn---
0861 |aYM32-3/441-C61-1E-PDF
1001 |aCollier, Brittany, |eauthor.
24510|aBill C-61 : |ban Act respecting water, source water, drinking water, wastewater and related infrastructure on First Nations lands / |cBrittany Collier and Marlisa Tiedemann.
2463 |aLegislative summary of Bill C-61 : |ban Act respecting water, source water, drinking water, wastewater and related infrastructure on First Nations lands
24617|aPreliminary version, unedited
264 1|aOttawa : |bLibrary of Parliament = Bibliothè€que du Parlement, |c16 May 2025.
264 4|c©2025
300 |a1 online resource (i, 24 pages) : |billustrations.
336 |atext|btxt|2rdacontent
337 |acomputer|bc|2rdamedia
338 |aonline resource|bcr|2rdacarrier
4901 |aLegislative summary ; |v44-1-C61-E
500 |aIssued also in French under title: Projet de loi C-61 : Loi concernant l’eau, les sources d’eau, l’eau potable, les eaux usées et les infrastructures connexes sur les terres des Premières Nations
504 |aIncludes bibliographical references (pages 19-24).
650 0|aIndigenous peoples|xCivil rights|zCanada.
650 0|aIndigenous peoples|xHealth and hygiene|zCanada.
650 0|aDrinking water|xLaw and legislation|zCanada.
650 0|aSewage|xPurification|zCanada.
7101 |aCanada. |bLibrary of Parliament, |eissuing body.
7101 |aCanada. |bLibrary of Parliament. |bResearch and Education, |eissuing body.
77508|tProjet de loi C-61 : |w(CaOODSP)9.956740
795 |tBill C-61 : |w(CaOODSP)9.937016
830#0|aLegislative summary (Canada. Parliamentary Information, Education and Research Services)|v44-1-C61-E.|w(CaOODSP)9.504770
85640|qPDF|s1.63 MB|uhttps://publications.gc.ca/collections/collection_2025/bdp-lop/ls/YM32-3-441-C61-1-eng.pdf